000 00543nam a2200205Ia 4500
003 OSt
005 20221007082918.0
006 a|||||r|||| 00| 0
007 ta
008 221006b |||||||| |||| 00| 0 eng d
024 _a39,775
037 _cDissertations
040 _aFLL
_cFLL
_beng
041 _2eng
_aeng
100 _aMahajan Minakshi
_9699809
245 0 _aDevelopment of fiscal federalism and working of finance commision
300 _ad.p.
_ccm.
942 _cDIS
_2CC
999 _c1168166
_d1168166